Timetable announced for implementation of Companies Act (Record no. 78678)
[ view plain ]
| 000 -LEADER | |
|---|---|
| fixed length control field | 01102cad a22002055a 4500 |
| 001 - CONTROL NUMBER | |
| control field | L137631 |
| 008 - FIXED-LENGTH DATA ELEMENTS--GENERAL INFORMATION | |
| fixed length control field | 070420s2007 xxk f 000 0 eng d |
| 035 ## - SYSTEM CONTROL NUMBER | |
| System control number | (Sirsi) u137631 |
| 041 0# - LANGUAGE CODE | |
| Language code of text/sound track or separate title | eng |
| 110 2# - MAIN ENTRY--CORPORATE NAME | |
| Corporate name or jurisdiction name as entry element | Institute of Directors |
| 9 (RLIN) | 795 |
| 245 00 - TITLE STATEMENT | |
| Title | Timetable announced for implementation of Companies Act |
| Medium | [electronic resource] |
| 260 ## - PUBLICATION, DISTRIBUTION, ETC. | |
| Place of publication, distribution, etc. | London |
| -- | OD |
| Date of publication, distribution, etc. | 2007 |
| 520 ## - SUMMARY, ETC. | |
| Summary, etc. | Notes that all of the Companies Act 2006 will be in place by October 2008 with many elements implemented earlier. Areas coming into effect in October 2007 include provisions in Part 9 relating to the rights of indirect investors and also most of the provisions relating to directors' general duties. Provisions for the enhanced business review and derivative claims will also come into effect at the same time. Provisions relating to directors' conflict of interests will come into effect in October 2008. |
| 590 ## - LOCAL NOTE (RLIN) | |
| Local note | KA |
| 650 24 - SUBJECT ADDED ENTRY--TOPICAL TERM | |
| Topical term or geographic name entry element | COMPANIES ACT 2006 |
| 651 #4 - SUBJECT ADDED ENTRY--GEOGRAPHIC NAME | |
| Geographic name | United Kingdom |
| Chronological subdivision | |
| 690 ## - LOCAL SUBJECT ADDED ENTRY--TOPICAL TERM (OCLC, RLIN) | |
| Topical term or geographic name as entry element | MANAGEMENT-BUSINESS MANAGEMENT |
| 856 40 - ELECTRONIC LOCATION AND ACCESS | |
| Host name | www.iod.com |
| Public note | View the item free of charge at www.iod.com... |
| 942 ## - ADDED ENTRY ELEMENTS (KOHA) | |
| Suppress in OPAC | 0 |
| Withdrawn status | Lost status | Source of classification or shelving scheme | Damaged status | Not for loan | Home library | Current library | Shelving location | Date acquired | Total Checkouts | Full call number | Barcode | Date last seen | Copy number | Price effective from | Koha item type |
|---|---|---|---|---|---|---|---|---|---|---|---|---|---|---|---|
| Dewey Decimal Classification | Virtual | Virtual | Online | 20/04/2007 | L137631 | 137631-1001 | 06/08/2019 | 1 | 06/08/2019 | Journal article |